000 nam a22 7a 4500
999 _c27689
_d27689
008 170209b xxu||||| |||| 00| 0 eng d
020 _a9781269748230
050 _aQH 308.2 .F74 2014
100 _aFreeman, Scott.
_d2014
245 _aBiological science/
_cScott Freeman, Mike Harrington, Joan Sharp.
260 _aCanada:
_bPearson,
_c2014.
300 _axli, 1087, [166]p.:
_bill.;
_c28cm.
521 _aIncludes bibliographical references and index.
650 _aBiology.
700 _aHarrington, Mike.
700 _aSharp, Joan.
942 _2lcc
_cBOOKS
_hQH 308.2 .F74 2014